000 00313nam a22001337a 4500
008 170724b xxu||||| |||| 00| 0 eng d
020 _a9780071744317
041 _aeng
080 _a004
100 _a29
101 _aSHK
245 _aORACLE DATABASE ADMINISTRATION FOR MICROSOFT
_cMALCHER,M
942 _2udc
_cBK
999 _c21804
_d21804